[Event "CUB-ch op (Women)"]
[Site "Havana"]
[Date "2004.04.23"]
[Round "4"]
[White "Yensil, Addine Aguiar"]
[Black "Martin Campos, Beatriz Josefa"]
[Result "0-1"]
[WhiteElo "2121"]
[BlackElo "2081"]
[PlyCount "126"]
[EventDate "2004.04.20"]
[EventType "swiss"]
[EventRounds "9"]
[EventCountry "CUB"]
[SourceTitle "CBM 100 Extra"]
[Source "ChessBase"]
[SourceDate "2004.07.06"]
[SourceVersion "2"]
[SourceVersionDate "2004.07.06"]
[SourceQuality "1"]

1. e4 e5 2. Nf3 Nc6 3. Bb5 a6 4. Ba4 Nf6 5. 0-0 b5 6. Bb3 Bc5 7. Re1 d6 8. h3 Bb7 9. c3 0-0 10. d4 Bb6 11. Bg5 Qe7 12. Bc2 Rad8 13. a3 Rfe8 14. Qd3 Na5 15. Nbd2 c5 16. Nf1 c4 17. Qd1 Kh8 18. Nh4 Bc8 19. Ne3 Be6 20. d5 Bxe3 21. Rxe3 Bc8 22. Qe2 h6 23. Bxf6 Qxf6 24. Qh5 Qg5 25. Qxg5 hxg5 26. Nf3 g4 27. hxg4 Bxg4 28. a4 Ra8 29. Kh2 g6 30. Kg3 Bd7 31. Rh1+ Kg7 32. Ng5 Rh8 33. Rxh8 Rxh8 34. axb5 axb5 35. Re1 f6 36. Nf3 f5 37. exf5 gxf5 38. Nd2 Kf6 39. f4 Nb7 40. Ra1 Nc5 41. Ra7 Rg8+ 42. Kf3 exf4 43. b3 Rg3+ 44. Kxf4 Rxg2 45. b4 Rxd2 46. bxc5 Rxc2 47. Rxd7 dxc5 48. Rc7 Rxc3 49. Rxc5 b4 50. Rb5 b3 51. d6 Ke6 52. Rb6 Rc2 53. d7+ Kxd7 54. Kxf5 b2 55. Ke4 Rd2 56. Rb7+ Kd6 57. Ke3 c3 58. Rb3 Rd1 59. Rb6+ Kc5 60. Rb3 b1Q 61. Rxb1 Rxb1 62. Kd3 Kb4 63. Kc2 Rb2+ 0-1

[Event "CUB-ch op (Women)"]
[Site "Havana"]
[Date "2004.04.20"]
[Round "1"]
[White "Hernandez Alvarez, Tania Regla"]
[Black "Yensil, Addine Aguiar"]
[Result "1-0"]
[WhiteElo "2251"]
[BlackElo "2121"]
[PlyCount "43"]
[EventDate "2004.04.20"]
[EventType "swiss"]
[EventRounds "9"]
[EventCountry "CUB"]
[SourceTitle "CBM 100 Extra"]
[Source "ChessBase"]
[SourceDate "2004.07.06"]
[SourceVersion "2"]
[SourceVersionDate "2004.07.06"]
[SourceQuality "1"]

1. e4 e5 2. d4 exd4 3. Nf3 d6 4. Nxd4 Nf6 5. Nc3 Be7 6. Be2 0-0 7. 0-0 Nc6 8. Be3 Nxd4 9. Bxd4 Be6 10. f4 d5 11. f5 Bc8 12. e5 Ne4 13. Nxe4 dxe4 14. f6 Bb4 15. fxg7 Re8 16. c3 Ba5 17. Qb3 Qe7 18. Kh1 Bb6 19. Qd5 c6 20. Qxe4 Be6 21. Bd3 Bf5 22. Qxf5 1-0